000 00327nam a2200145Ia 4500
100 _aMuthukumaran/B
942 _cBK
366 _f25
654 _ait
245 _aInformation technology for management
260 _bOxford university press
_c2010
082 _a5.74
_bMUT
300 _a680
546 _aENGLISH
_celectronics
999 _c18976
_d18976